Histoire des bibliothèques : D'Alexandrie aux bibliothèques virtuelles (notice n° 1568098)
[ vue normale ]
| 000 -LEADER | |
|---|---|
| fixed length control field | 01582cam a2200133 4500500 |
| 005 - DATE AND TIME OF LATEST TRANSACTION | |
| control field | 20251214004006.0 |
| 041 ## - LANGUAGE CODE | |
| Language code of text/sound track or separate title | fre |
| 042 ## - AUTHENTICATION CODE | |
| Authentication code | dc |
| 100 10 - MAIN ENTRY--PERSONAL NAME | |
| Personal name | Barbier, Frédéric |
| Relator term | author |
| 245 00 - TITLE STATEMENT | |
| Title | Histoire des bibliothèques : D'Alexandrie aux bibliothèques virtuelles |
| 260 ## - PUBLICATION, DISTRIBUTION, ETC. | |
| Name of publisher, distributor, etc. | Armand Colin,<br/> |
| Date of publication, distribution, etc. | 2021.<br/> |
| 520 ## - SUMMARY, ETC. | |
| Summary, etc. | La question des bibliothèques, comme plus largement celle de l’information, alors que nous sommes plongés dans la « troisième révolution du livre », est bien l’une des interrogations de civilisation essentielles posées en notre début de IIIe millénaire. De l’Antiquité classique aux bibliothèques des grands monastères carolingiens, puis à la bibliothèque des rois de France, à celle de Mathias Corvin, à la Bibliothèque vaticane et aux monumentales collections italiennes et allemandes, cette histoire met en jeu des perspectives d’ordre intellectuel et scientifique, mais aussi politique : la bibliothèque est signe de distinction pour un prince qui sera autant le prince des muses que le prince des armes. L’histoire des bibliothèques est directement articulée avec l’histoire de la pensée, des idées, de la politique, de l’information, voire de l’architecture et de l’urbanisme. En adoptant un cadre chronologique large et en insistant sur la perspective comparatiste, l’auteur envisage la thématique en fonction des transformations du système général des médias au cours des siècles. |
| 856 41 - ELECTRONIC LOCATION AND ACCESS | |
| Uniform Resource Identifier | <a href="https://shs.cairn.info/histoire-des-bibliotheques--9782200630126?lang=fr&redirect-ssocas=7080">https://shs.cairn.info/histoire-des-bibliotheques--9782200630126?lang=fr&redirect-ssocas=7080</a> |
Pas d'exemplaire disponible.




Réseaux sociaux